00489 2200181 4500001002100000005001500021035002000036245006400056100001000120260004400130300002600174020002200200084001400222082000800236650001000244008004100254990001200295INLIS00000000000271520251007092225 a0010-09250000621 aKata & Rasa : Sekelumit Inspirasi Bagi Pendidik /cM. Husin aHusin aJakarta :bEsensi Erlangga Group,c2018 a158 ;c(14,5 x 21 cm) a978-602-6847-62-1 a370 HUS k a370 4aFiksi251007 0  a0754917